000
00428nam a2200133Ia 4500
008
100328s9999 xx 000 0 und d
082
_b
60556
100
_a
ठाकूर योगेंद्र-अनु.
245
_a
एक विचार ागागता.
260
_b
आमोद.
630
_a
एक विचार ागागता.
730
_a
एक विचार ागागता.
942
_c
BOOK
999
_c
546698
_d
546695